000 00329nam a22001457a 4500
003 SGT
082 _a615.53
_bR20S
100 _aSHARMA, SHREE RAM
245 _aRIGVED SAMHITA
260 _aMATHURA
_bYUG NIRMAN YOJNAA VISTAR TRUST
_c2020
300 _a414
650 _aAYURVEDA
653 _aRIGVED, SAMHITA
942 _2ddc
_cBK
999 _c32261
_d32261